00625nam a2200205Ia 4500003000400000005001700004008004100021020001800062040000700080041000800087082001600095100002700111245004200138260004500180300000900225650002200234942001300256999001900269952013100288OSt20250930121959.0250729s2005 xx 000 0 und d a9788190006910 cAL aeng a370.78 SRIR aSrivastava R P9222865 aReading ability and school achivement aNew DelhibCommonwealth Publishersc2005 a167p aEducation9222866 2ddccBED c235644d235644 00104070aALbALd2025-07-29eSita Book Houseg140.00l0o370.78 SRIRpBED00963r2025-07-29 16:54:10v140.00w2025-07-29yBK